| 000 | 01210nam a2200265 a 4500 | ||
|---|---|---|---|
| 999 |
_c329109 _d329109 |
||
| 003 | BLK | ||
| 005 | 20250723182321.0 | ||
| 008 | 190214b bu ||||| |||| 00| 0 bu d | ||
| 020 | _a9789542700227 | ||
| 040 | _aBLK | ||
| 041 |
_aBUL _cBUL |
||
| 080 |
_aАмериканска литература (на САЩ) _b821.111(73) _x-93-91 _z821.111(73)-93-91 |
||
| 139 |
_aМалката русалка Ариел _bМ 23 |
||
| 245 |
_aМалката русалка Ариел _cПрев. Лили Илиева |
||
| 250 | _a4. допеч. | ||
| 260 |
_9209434 _aСофия _bЕгмонт България _c2013 |
||
| 300 |
_a64 с. _c28 см |
||
| 380 | _aDX | ||
| 490 |
_aПриказна колекция _gСерия - Книги _v8 _9203480 |
||
| 500 | _aОриг. загл. The littie mermaid. - Пълното име на прев. е Лилия Христова Илиева. - 1. изд. 1998 в сер. Чародейства. - Изд. на оригинала Disney. - Офс. изд. | ||
| 700 |
_aИлиева, Лили Христова _d1956 - _qИлиева, Лилия Христова _9241658 |
||
| 942 |
_cKNG _n0 _066 _s1 |
||
| 944 |
_k30564 _lАнна Гръцманова |
||
| 999 | _d329109 | ||